| 000 | 00581nam a2200205 a 4500 | ||
|---|---|---|---|
| 001 | BRCA_6881 | ||
| 005 | 20190320205627.0 | ||
| 008 | 111111s1921----gw-#######---#000-0#ger-# | ||
| 041 | _ager | ||
| 044 | _agw | ||
| 050 | 4 |
_aPT2638 R8 _b.S38 1921 |
|
| 100 | 1 |
_aSchörer, Gustave Wilhem _d1876- _917141 |
|
| 245 | 1 | 0 |
_aDer Schulze von Wolfenhagen _bdie Geschichie eines Dorfes _cGustav Schröer |
| 260 |
_aLeipzig, Alemania _bQuelle & Meyer _cc1921 |
||
| 300 |
_a330 p. _c20 cm. |
||
| 500 | _aO75 | ||
| 650 | 1 | 4 |
_aLiteratura Alemana _xFicción _917007 |
| 902 | _aGFM | ||
| 942 |
_2lcc _cB |
||
| 999 |
_c6563 _d6563 |
||